000 00858nam a22002657a 4500
001 BR2010004038
003 BR-BrBNA
005 20230928103534.0
007 ta
008 230509b bl.||||| |||| 00| 0 por d
040 _aBR-BrBNA
_bpor
_cBiblioteca Nacional de Agricultura
041 _a(Por)
072 _aL01
_b7110
090 _ 7110 BR2010004038
110 1 _aUniversidade Estadual de Santa Cruz, Ilhéus, BA (Brasil)
_910661
111 1 _a1. Congresso Baiano de Apicultura3. Encontro de Apicultores e Meliponicultores do Sul da Bahia1. Feira Estadual de Apicultura
_cIlhéus, BA (Brazil)
_d4-7 Jul 2000
245 1 _aCongresso baiano de apicultura
260 3 _aIlhéus, BA (Brasil):
_c2001.
300 _a114 p.
650 _aABELHA
650 _aAPICULTURA
650 _aCRIAÇÃO
909 _a202309
_bLucia
_c55
_dLucia Elande
942 _cBK
999 _c75525
_d75525